|
|
|
|
| LEADER |
00000nam0a2200000 4500 |
| 001 |
33206 |
| 005 |
20231101210141.0 |
| 010 |
|
|
|a 5060006670
|
| 035 |
|
|
|a (RuTPU)RU\TPU\book\33532
|
| 035 |
|
|
|a BOOK00000183
|
| 090 |
|
|
|a 33206
|
| 100 |
|
|
|a 20011210d1992 m y0rusy50 ca
|
| 101 |
0 |
|
|a rus
|
| 102 |
|
|
|a RU
|
| 105 |
|
|
|a y j 000zy
|
| 200 |
1 |
|
|a Высокомолекулярные соединения
|e учебное пособие
|f В. В. Киреев
|
| 210 |
|
|
|a Москва
|c Высшая школа
|d 1992
|
| 215 |
|
|
|a 512 с.
|
| 606 |
|
|
|a Высокомолекулярные соединения
|2 stltpush
|3 (RuTPU)RU\TPU\subj\72650
|9 86071
|
| 610 |
1 |
|
|a химия
|
| 610 |
1 |
|
|a химическая технология
|
| 610 |
1 |
|
|a полимеры
|
| 610 |
1 |
|
|a учебные пособия
|
| 675 |
|
|
|a 678(075.8)
|v 3
|
| 700 |
|
1 |
|a Киреев
|b В. В.
|g Вячеслав Васильевич
|
| 801 |
|
0 |
|a RU
|b 63413507
|c 20011210
|g PSBO
|
| 801 |
|
2 |
|a RU
|b 63413507
|c 20230628
|g PSBO
|
| 900 |
|
|
|a Химия и технология пластических масс
|
| 900 |
|
|
|a Технология пластических масс
|
| 900 |
|
|
|a Химическая технология полимеров
|
| 900 |
|
|
|a Химия и физика высокомолекулярных соединений
|
| 900 |
|
|
|a Общая химическая технология полимеров
|
| 942 |
|
|
|c BK
|